Data Mining and Machine Learning: Fundamental, Concepts and Algorithms (Record no. 6884)

MARC details
005 - DATE AND TIME OF LATEST TRANSACTION
control field 20260530061700.0
020 ## - INTERNATIONAL STANDARD BOOK NUMBER
International Standard Book Number 978-1-108-47398-9
082 ## - DEWEY DECIMAL CLASSIFICATION NUMBER
Classification number 006.3 ZAK
100 ## - MAIN ENTRY--PERSONAL NAME
Author name ZAKI, M.
245 ## - TITLE STATEMENT
Title Data Mining and Machine Learning: Fundamental, Concepts and Algorithms
250 ## - EDITION STATEMENT
Edition statement 2 Ed.
260 ## - PUBLICATION, DISTRIBUTION, ETC.
Place of publication, distribution, etc. New York
Name of publisher, distributor, etc. Cambridge University Press
Date of publication, distribution, etc. 2020
300 ## - PHYSICAL DESCRIPTION
Extent xii;766p.
Other physical details Include Illustrations
Dimensions 26 cm
700 ## - ADDED ENTRY--PERSONAL NAME
Other authors/Editors Wagner Meira, Jr.
942 ## - ADDED ENTRY ELEMENTS (KOHA)
Source of classification or shelving scheme Dewey Decimal Classification
Koha item type Books
Holdings
Date last seen Total checkouts Full call number Barcode Cost, replacement price Price effective from Koha item type Lost status Source of classification or shelving scheme Damaged status Not for loan Withdrawn status Home library Current library Shelving location Date acquired Source of acquisition Cost, normal purchase price
05/30/2026   006.3 ZAK MZA0003958 602910.00 04/24/2026 Books   Dewey Decimal Classification       CBE Mwanza CBE Mwanza Special Reserve Collection 04/24/2026 Library Budget 200970.00
05/30/2026   006.3 ZAK MZA0003954 602910.00 04/24/2026 Books   Dewey Decimal Classification       CBE Mwanza CBE Mwanza Special Reserve Collection 04/24/2026 Library Budget 200970.00